Statistics for Countries Closest to Italy A-Z

Click here to take the quiz!

General Stats

  • This quiz has been taken 1,299 times
  • The average score is 24 of 26

Answer Stats

Country% Correct
FFrance
98%
AAustria
96%
QQatar
96%
VVatican City
96%
CCroatia
95%
GGermany
95%
YYemen
95%
DDenmark
94%
HHungary
94%
OOman
94%
S #1San Marino
94%
ZZambia
94%
S #3Switzerland
93%
S #2Slovenia
92%
MMonaco
91%
BBosnia and
Herzegovina
90%
LLiechtenstein
90%
KKosovo
88%
TTunisia
88%
PPoland
87%
RRomania
87%
JJordan
86%
EEgypt
84%
UUkraine
84%
IIreland
83%
NNetherlands
82%

Score Distribution

Percentile by Number Answered

Percent of People with Each Score

Your Score History

You have not taken this quiz